| 000 | 01217cam a2200289 a 4500 | ||
|---|---|---|---|
| 001 | 15344183 | ||
| 003 | OSt | ||
| 005 | 20160511122230.0 | ||
| 008 | 080625s2008 nyu 000 1 eng | ||
| 010 | _a 2008028340 | ||
| 020 | _a9780399155215 | ||
| 020 | _a039915521X | ||
| 035 | _a(OCoLC)213308433 | ||
| 035 | _a(OCoLC)ocn213308433 | ||
| 040 | _aSEKU | ||
| 050 | 0 | 0 |
_aPS 3561 _b.K7 |
| 100 | 1 | _aKrentz, Jayne Ann. | |
| 245 | 1 | 0 |
_aRunning hot / _cJayne Ann Krentz. |
| 260 |
_aNew York : _bG.P. Putnam's Sons, _cc2008. |
||
| 300 |
_a337 p. ; _c24 cm. |
||
| 500 | _a"An Arcane society novel"--Jacket. | ||
| 520 | _aReluctantly paired for a murder investigation by the paranormal Arcane Society, former cop Luther Malone and aura-reading librarian Grace Renquist find their mutual disgust dissolving into a powerful attraction, during a case that is further complicated by operatives for a ruthless underground psychic group. | ||
| 650 | 0 |
_aPsychic ability _vFiction. |
|
| 856 | 4 | 2 |
_3Contributor biographical information _uhttp://www.loc.gov/catdir/enhancements/fy0905/2008028340-b.html |
| 856 | 4 | 2 |
_3Publisher description _uhttp://www.loc.gov/catdir/enhancements/fy0905/2008028340-d.html |
| 942 |
_2lcc _cGEN |
||
| 999 |
_c13749 _d13749 |
||